Quiz voiture: Supercars/Hypercars #3 - Statistiques

Statistiques générales
  • Ce quiz a été pris 731 fois
  • Le résultat moyen est 9 sur 16
Statistiques - réponses
Par images Réponse % Correct
Bugatti Chiron
99%
Ford GT
91%
Mclaren Senna
81%
Bugatti Divo
80%
Mclaren F1
79%
Koenigsegg Jesko
74%
Dodge Viper
69%
Koenigsegg Regera
64%
Pagani Huayra
59%
Lamborghini Sesto Elemento
55%
Ferrari 458 Speciale
43%
Lykan Hypersport
39%
Ferrari GTC4 Lusso
38%
Mclaren MP4 12C
35%
Ferrari 599 GTB
33%
Marussia B2
10%
Aucun quiz correspondant
Distribution des résultats
% des personnes avec chaque résultat
Percentile par nombre de réponses
Votre historique - résultats
Vous n’avez pas pris ce quiz